00825 2200265 4500001002100000005001700021008004100038035002400079082001100103090001800114100003200132245013100164250001100295260003500306300001900341500006000360650002300420700003300443700001900476850001500495980001300510985000600523999001500529999001500544YOGYA-0209000000898820090227021147.0 ind  0010-020900000008988 a297.43 a297.43bKha M aAL-KHASYAT, Muhammad Utsman aMuslimah ideal di mata priacMuhammad Utsman Al-Khasyat ; penerjemah, Muhammad Abdul Ghoffar E.M. ; penyunting, M.S. Nasrullah aCet. 1 aBandungbPustaka Hidayahc1997 a139 hlmc21 cm aJudul asli: Al-Mar'ah al-Mits'aliyyah fi A'yun ar Rijal aWanita dalam Islam aAbdul Ghoffar E.M., Muhammad aNasrullah, M.S aYOPDYOG(B) a05-06-01 a2 a98P0115158 a98P0115159